| 000 | 01189cam a2200313 i 4500 | ||
|---|---|---|---|
| 001 | 64308 | ||
| 003 | Mx-PuUPA | ||
| 005 | 20260512091734.0 | ||
| 008 | 151007s2024 sp a gr 000 0 spa d | ||
| 020 | _a9786071747419 | ||
| 040 |
_aMx-PuUPA _cMx-PuUPA _bspa _dMx-PuUPA _erda |
||
| 041 | 0 | _aspa | |
| 100 | 1 |
_aRamírez Zermeño, Rosa María, _eautor _916540 |
|
| 245 | 1 | 0 |
_aAlimentos funcionales : _bnutrimentos para beneficiar la salud y prevenir enfermedades / _cRosa María Ramírez Zermeño, José Alberto Pérez Bejarano |
| 250 |
_aQuinta edición / _bmayo |
||
| 264 | 1 |
_aCiudad de México : _bEditorial Trillas, _c2024 |
|
| 300 |
_a344 páginas : _bilustraciones, tablas ; _c23 cm |
||
| 336 |
_atexto _btxt _2rdacontent |
||
| 337 |
_2rdamedia _asin medio _bn |
||
| 338 |
_2rdacarrier _avolumen _bnc |
||
| 650 | 7 |
_2armarc _aAlimentos _xComposición |
|
| 650 | 7 |
_2armarc _aAlimentos funcionales |
|
| 650 | 7 |
_2armarc _aAlimentos _xBiotecnología |
|
| 700 | 1 |
_aPérez Bejarano, José Alberto, _eautor |
|
| 942 |
_2ddc _cLI _h664 _iR65 |
||
| 999 |
_c64308 _d64308 |
||